| 000 | 00689nam a22002057a 4500 | ||
|---|---|---|---|
| 005 | 20150909111745.0 | ||
| 010 | _aENG-113509 | ||
| 020 |
_c690.00 _a9788192512112 |
||
| 020 |
_c690.00 _a8192512118 |
||
| 035 | _aEN-97041 | ||
| 037 | _bDBAD/PUB | ||
| 082 | _a204.22 | ||
| 245 |
_aMystic musings in art and poetry : _cedited by Kurian Kachappilly _b thematic essays from the International Conference 'Mysticism without Bounds' / |
||
| 260 |
_aNew Delhi _bChristian World Imprints _c2013 |
||
| 270 |
_aH-12 Bali Nagar _bNew Delhi _e110015 |
||
| 300 |
_axii,187p. _c23cm(Hb) |
||
| 500 | _aIncludes index | ||
| 700 | _aKachappilly, Kurian | ||
| 942 |
_2ddc _cEN _mMYS _h204.22 |
||
| 999 |
_c94999 _d94999 |
||